Wörter im Namen der Länder 2# - Statistiken

Allgemein
  • Dieses Quiz wurde 376 mal gespielt
  • Das Durchschnittsergebnis liegt bei 7 aus 15
Antwortstatistiken
Wort Land % Korrekt
Alge Algerien
94%
Tun Tunesien
85%
Orgie Georgien
80%
Lumb Kolumbien
55%
Insel Marshallinseln
53%
Erz Bosnien und Herzegowina
49%
Weg Norwegen
44%
Lau Palau
44%
Rune Brunei
35%
Hell Seychellen
35%
Hut Bhutan
29%
Der Niederlande
28%
Wen Slowenien
28%
Echt Liechtenstein
26%
Bad Barbados
15%
Keine übereinstimmenden Quizze gefunden
Verteilung der Resultate
Anzahl Personen mit jedem Resultat
Perzentil nach korrekt beantworteten Fragen
Ihre Resultats-Entwicklung
Sie haben dieses Quiz noch nicht gespielt